<?xml version="1.0" encoding="UTF-8"?>
<collection xmlns="http://www.loc.gov/MARC21/slim">
 <record>
  <leader>00521nab a2200157 i 4500</leader>
  <controlfield tag="001">delm84563</controlfield>
  <controlfield tag="005">20191029143649.0</controlfield>
  <controlfield tag="008">191029s2000    hu      o     0||   hun d</controlfield>
  <datafield tag="040" ind1=" " ind2=" ">
   <subfield code="a">SZTE Délmagyarország Archívum</subfield>
   <subfield code="b">hun</subfield>
  </datafield>
  <datafield tag="041" ind1=" " ind2=" ">
   <subfield code="a">hun</subfield>
  </datafield>
  <datafield tag="100" ind1="1" ind2=" ">
   <subfield code="a">Zombori Mihály</subfield>
  </datafield>
  <datafield tag="245" ind1="1" ind2="0">
   <subfield code="a">&quot;Belőlem is lehet szerkesztő&quot; </subfield>
   <subfield code="h">[elektronikus dokumentum] :</subfield>
   <subfield code="b">a Szeged új első embere szerint /</subfield>
   <subfield code="c"> Zombori Mihály</subfield>
  </datafield>
  <datafield tag="260" ind1=" " ind2=" ">
   <subfield code="c">2000-03-21</subfield>
  </datafield>
  <datafield tag="300" ind1=" " ind2=" ">
   <subfield code="a">6</subfield>
  </datafield>
  <datafield tag="490" ind1="0" ind2=" ">
   <subfield code="a">Délmagyarország</subfield>
   <subfield code="v">90 No. 67</subfield>
  </datafield>
  <datafield tag="695" ind1=" " ind2=" ">
   <subfield code="a">Zombori Mihály, Szeged, Újságírás Szeged</subfield>
  </datafield>
 </record>
</collection>
